| 000 | 00000nam##2200000za#4500 |
| 001 | 9.573348 |
| 003 | CaOODSP |
| 005 | 20210624183648 |
| 007 | cr ||||||||||| |
| 008 | 150406|1991||||xxc|||||o f|0| 0 eng|d |
| 040 | |aCaOODSP|beng |
| 043 | |an-cn--- |
| 086 | 1 |aSC94-55/1991E-PDF |
| 110 | 1 |aCanada.|bCanadian Centre for Management Development. |
| 245 | 10|aHow to create superior briefings / |h[electronic resource]|c[by] Roderick G. Quiney. |
| 260 | |aOttawa - Ontario : |bCanadian Centre for Management Development |cMarch, 1992. |
| 300 | |a18p. |
| 490 | 1 |aManagement practices|vNo. 1 |
| 590 | |a12-16-Supp|b2012-04-17 |
| 690 | 07|aManagement|2gcpds |
| 690 | 07|aPublic administration|2gcpds |
| 690 | 07|aPublic service|2gcpds |
| 720 | 1 |aQuiney, Roderick G. |
| 775 | 08|tComment préparer et présenter des séances et des cahiers d'information de qualité supérieure / |w(CaOODSP)9.603529 |
| 830 | #0|aManagement practices ;|vNo. 1|w(CaOODSP)9.506783 |
| 856 | 40|ahttp://publications.gc.ca|qPDF|s506 KB|uhttps://publications.gc.ca/collections/Collection/SC94-55-1991E.pdf|yNo. 1 |